So sánh ẩn địa danh huyện Điện Bàn, tỉnh Quảng Nam

Tìm hiểu về phương thức đặt địa danh, phương thức cấu tạo, những chuyển biến về mặt ngữ âm, ngữ nghĩa, cũng như nguồn gốc, ý nghĩa của một số địa danh ở huyện Điện Bàn. Nội dung được trình bày một mặt mô tả những địa danh thuần Việt, Hán Việt và địa danh ngoại lai nhằm minh họa thêm một số vấn đề có...

Cur síos iomlán

Đã lưu trong:
Sonraí Bibleagrafaíochta
Príomhúdar: Nguyễn Thị Phượng
Údair Eile: Bùi Trọng Ngoãn TS. (Hướng dẫn)
Formáid: Leabhar
Teanga:Vietnamese
Foilsithe: Đà Nẵng Đại học Đà Nẵng 2014
Ábhair:
Clibeanna: Cuir Clib Leis
Gan Chlibeanna, Bí ar an gcéad duine leis an taifead seo a chlibeáil!
Thư viện lưu trữ: Mạng thư viện Đại học Đà Nẵng
LEADER 02189nam a2200337 4500
001 000020114
003 16556
005 20150302160335.0
008 150123s2014 viesd
041 |a vie 
082 1 4 |a 808.06691  |b NG-P 
100 1 |a Nguyễn Thị Phượng 
245 1 |a So sánh ẩn địa danh huyện Điện Bàn, tỉnh Quảng Nam  |c Nguyễn Thị Phượng ; Bùi Trọng Ngoãn hướng dẫn.  |k Luận văn Thạc sĩ 
260 |a Đà Nẵng  |b Đại học Đà Nẵng  |c 2014 
300 |a 117 tr., phụ lục 12 tr.  |c 29 cm.  |e Tóm tắt 
500 |a Luận văn thạc sĩ Khoa học. Chuyên ngành: Ngôn ngữ học. Mã số: 60.22.01 
520 |a Tìm hiểu về phương thức đặt địa danh, phương thức cấu tạo, những chuyển biến về mặt ngữ âm, ngữ nghĩa, cũng như nguồn gốc, ý nghĩa của một số địa danh ở huyện Điện Bàn. Nội dung được trình bày một mặt mô tả những địa danh thuần Việt, Hán Việt và địa danh ngoại lai nhằm minh họa thêm một số vấn đề có tính chất lý luận về địa danh học; một mặt làm sáng tỏ những giá trị phản ánh hiện thực của địa danh. Qua đó, thấy được mối liên hệ giữa địa danh học với các ngành khoa học khác như sử học, địa lý học, khảo cổ học, văn hóa học, nhân chủng học, xã hội học, dân tộc học ... 
650 0 4 |a Ngôn ngữ địa danh  |v Luận văn tốt nghiệp  |x Nghiên cứu  |z Điện Bàn - Quảng Nam 
653 |a Ngôn ngữ địa danh 
653 |a Ngôn ngữ học 
700 1 |a Bùi Trọng Ngoãn  |c TS.  |e Hướng dẫn 
OWN |a LSP 
AVA |a UDN50  |b LSP  |d 808.06691 NG-P  |e available  |t Error 5001 Not defined in file expand_doc_bib_avail.  |f 1  |g 0  |h N  |i 0  |k 1 
999 |a From the UDN01 
AVA |a UDN50  |b LSP  |d 808.06691 NG-P  |e available  |t Error 5001 Not defined in file expand_doc_bib_avail.  |f 1  |g 0  |h N  |i 0  |k 1 
TYP |a Monograph 
TYP |a Printed language 
980 |a Mạng thư viện Đại học Đà Nẵng